00362nam a2200157Ia 4500001000500000005001700005008004100022041000800063082001800071100002300089245003900112260000900151300002800160650000800188654000800196251220260306144812.0260306t2003||||xx |||||||||||||| ||spa|| aESP a616.8914bE42 aEllis, AlberteAUT 0aManual de terapia racional emotiva c2003 a455 páginas :c21 cm. aGEN aCPS